000 00502nam a2200181Ia 4500
005 20250508153338.0
008 008 250505s9999 xx 000 0 eng d
037 _aTextual
040 _aFEDL
_beng
_cFEDL
041 _aeng
_2eng
084 _a374.22, BUS
_qFEDL
100 _aBuswell Guy Thomas
_9763736
245 0 _aHow adults read
260 _aChicago, USA
_bThe University of Chicago
_c1937
300 _axiii,158p.
942 _cTEXL
_h374.22, BUS
999 _c1342167
_d1342167